000 00322 a2200145 4500
001 74753
020 _a978851606837-0
040 _cAnchieta - Colégio São Paulo
240 1 0 _aAraribá Geografia
_lpor
245 1 0 _aAraribá Geografia
300 _a216
362 0 _a2010
650 4 _aGeografia e viagens
942 _cBK
999 _c74753
_d74753